| 000 -ლიდერი |
| ფიქსირებული სიგრძის საკონტროლო ველი |
01602nam a2200277Ia 4500 |
| 001 - საკონტროლო ნომერი |
| საკონტროლო ველი |
20831 |
| 003 - საკონტროლო ნომრის იდენტიფიკატორი |
| საკონტროლო ველი |
GE_BSU |
| 005 - ბოლო ოპერაციის თარიღი და დრო |
| საკონტროლო ველი |
20210428142346.0 |
| 008 - ფიქსირებული სიგრძის მონაცემთა ელემენტები - ზოგადი ინფორმაცია |
| ფიქსირებული სიგრძის საკონტროლო ველი |
181216s2014||||ge |||||||||||||| ||geo|| |
| 020 ## - წიგნის საერთაშორისო სტანდარტული ნომერი |
| International Standard Book Number |
9789941215865 |
| 040 ## - კატალოგიზაციის წყარო |
| Transcribing agency |
GE_BSU |
| 041 ## - ენის კოდი |
| Language code of text/sound track or separate title |
geo |
| 080 ## - უნივერსალური ათობითი კლასიფიკაციის ინდექსი |
| Universal Decimal Classification number |
821.112.2–31 ჰ–86 |
| 100 ## - მთავარი ჩანაწერი - პიროვნების სახელი |
| Personal name |
ჰოფმანი, ე. თ. ა. |
| 9 (RLIN) |
11674 |
| 245 ## - ცნობა სათაურის შესახებ |
| Title |
კატა მურის ცხოვრებისეული ფილოსოფია : |
| Remainder of title |
რომანი / |
| Statement of responsibility, etc |
ე. თ. ა. ჰოფმანი ; გერმ. თარგმნა ნ. გოგოლაშვილმა ; რედ. : ლია შარვაშიძე ; ყდის დიზაინი ეთო გზირიშვილის. |
| 264 ## - წარმოების, გამოცემის, დისტრიბუციის და სხვა ცნობები |
| გამოცემის, წარმოების, დისტრიბუციის... ადგილი |
თბილისი : |
| გამოცემის, წარმოების, დისტრიბუციის... სახელწოდება |
პალიტრა L, |
| გამოცემის, წარმოების, დისტრიბუციის... თარიღი |
2014. |
| 300 ## - ფიზიკური აღწერა |
| Extent |
492 გვ. ; |
| Accompanying material |
22 სმ. |
| 440 ## - სერიის ცნობა / დამატებულია ჩანაწერი - სათაური |
| Title |
კიდევ 49 წიგნი, რომელიც უნდა წაიკითხო, სანამ ცოცხალი ხარ. |
| Volume number/sequential designation |
წიგნი 31 |
| 9 (RLIN) |
11675 |
| 653 ## - INDEX TERM--UNCONTROLLED |
| Uncontrolled term |
კატა მურის ცხოვრებისეული ფილოსოფია |
| 653 ## - INDEX TERM--UNCONTROLLED |
| Uncontrolled term |
მხატვრული ლიტერატურა |
| 700 ## - ADDED ENTRY--PERSONAL NAME |
| Personal name |
გოგოლაშვილმა, ნ. |
| Relator term |
გერმანულიდან თარგმნა |
| 9 (RLIN) |
11676 |
| 700 ## - ADDED ENTRY--PERSONAL NAME |
| Personal name |
შარვაშიძე, ლია |
| Relator term |
რედაქტორი |
| 9 (RLIN) |
5787 |
| 700 ## - ADDED ENTRY--PERSONAL NAME |
| Personal name |
გზირიშვილი, ეთო |
| Relator term |
ყდის დიზაინი |
| 9 (RLIN) |
11677 |
| 942 ## - ADDED ENTRY ELEMENTS (KOHA) |
| Koha item type |
წიგნი |
| Source of classification or shelving scheme |
|